=LDR 00000nam 2200000 4500 =001 INLIS000000000041250 =005 20200917073316 =035 ##$$a 0010-061300000041250 =008 200917################g##########0#ind## =041 ##$$a ind =082 ##$$a 2x7.3 =090 ##$$a 2x7, Mak m =100 ##$$a Maksum H =245 1#$$a Madrasan sejarah dan perkembangannya /$c DR. H. Maksum =650 #4$$a Madrasah =850 ##$$a NBPNMAT =020 ##$$a 979-626-050-6 =084 ##$$a 2x7.3 MAK m =260 ##$$a Jakarta :$b Logos Wacana Ilmu,$c 1999 =300 ##$$a xvi, 188 hlm. ; $c 23 x 15 cm. =990 ##$$a 00086562